00884nam a2200193 a 450000100100000000500170001000800410002702000150006804000250008308200150010810000360012324500550015926000360021430000280025050500460027850001770032495201720050199900170067300004608920201002052630.0150618s1976 dr a 000 0 spa d a8439950934 aDO-SdBNPbspacBNPHU axxxxbxxxx1 aTejada Castillo, Ramón93758010aEspañol :b5º curso /cRamón Tejada Castillo. aSanto Domingo :bDisesa,c1976. a301 p. :bil. ;c23 cm.0 aTeoría literariatLiteratura española aDe conformidad con los contenidos del programa de quinto curso, plan experimental de intermedia de 1974, de la Secretaría de Estado de Educación, Bellas Artes y Cultos. 0010718PDaPDbPDcCTd2015-06-18iLF1l0oxxxx xxxxp46089-10r2020-06-25w2020-06-25yLFPDzPerteneció a la biblioteca personal de Erick Landestoy.ZNo se presta c45578d45578